PRASITOLOGY: PROTOZOOLOGY AND HEMINTHOLOGY (Record no. 18666)

MARC details
000 -LEADER
fixed length control field 00361nam a22001577a 4500
003 - CONTROL NUMBER IDENTIFIER
control field SGT
020 ## - INTERNATIONAL STANDARD BOOK NUMBER
International Standard Book Number 978-81-239-1810-5
082 ## - DEWEY DECIMAL CLASSIFICATION NUMBER
Classification number 616.01
Item number P19C
100 ## - MAIN ENTRY--PERSONAL NAME
Personal name CHATTERJEE, K.D.
245 ## - TITLE STATEMENT
Title PRASITOLOGY: PROTOZOOLOGY AND HEMINTHOLOGY
250 ## - EDITION STATEMENT
Edition statement 13TH
260 ## - PUBLICATION, DISTRIBUTION, ETC. (IMPRINT)
Place of publication, distribution, etc INDIA
Name of publisher, distributor, etc CBS PUB
Year of Publication 2019
300 ## - PAGE DESCRIPTION
No. of Pages 298
650 ## - SUBJECT ADDED ENTRY--TOPICAL TERM
Topical term or geographic name as entry element MICROBIOLOGY
942 ## - ADDED ENTRY ELEMENTS (KOHA)
Source of classification or shelving scheme Dewey Decimal Classification
Koha item type Books
Holdings
Withdrawn status Lost status Source of classification or shelving scheme Damaged status Not for loan Collection code Home library Current library Shelving location Date acquired Vendor Name Cost, normal purchase price SGTU Bill Number Total Checkouts Full call number Accession No. (Barcode) Date last seen Date last borrowed Bill Date Koha item type
    Dewey Decimal Classification     MEDICAL SGT Medical Library SGT Medical Library Text Book 01/08/2019 ABC DELHI 525.00 SGTU 11141 5 616.01 P19C FM11510 23/06/2025 11/06/2025 03/07/2019 Books
    Dewey Decimal Classification     MEDICAL SGT Medical Library SGT Medical Library Text Book 01/08/2019 ABC DELHI 525.00 SGTU 11141 6 616.01 P19C FM11511 10/06/2025 27/05/2025 03/07/2019 Books